[Event "CEDIS Festival saha - 3. turnir"]
[Site "?"]
[Date "2022.06.03"]
[Round "1.1"]
[White "Lakusic, Zoran"]
[Black "Draganic, Veljko"]
[Result "0-1"]
[WhiteElo "1638"]
[BlackElo "2261"]
[PlyCount "50"]
[SourceVersionDate "2022.06.04"]

1. c4 c6 2. Nc3 d5 3. cxd5 cxd5 4. d4 Nf6 5. Nf3 Nc6 6. e3 Bf5 7. a3 a6 8. Bd3
Bxd3 9. Qxd3 e6 10. Ne5 Nxe5 11. dxe5 Nd7 12. f4 Nc5 13. Qd1 Qh4+ 14. g3 Qh3
15. Kf2 Be7 16. b4 Nd7 17. Qf1 Qf5 18. Ne2 Nxe5 19. Nd4 Qf6 20. Kg2 Nc4 21. Qd3
Rc8 22. Bd2 O-O 23. Bc3 Qg6 24. Qxg6 Nxe3+ 25. Kf2 hxg6 0-1

[Event "CEDIS Festival saha - 3. turnir"]
[Site "?"]
[Date "2022.06.03"]
[Round "1.2"]
[White "Scekic, Veljko"]
[Black "Samardzic, Slavisa"]
[Result "1/2-1/2"]
[WhiteElo "2188"]
[BlackElo "1599"]
[PlyCount "47"]
[SourceVersionDate "2022.06.04"]

1. Nf3 Nf6 2. c4 e6 3. g3 d5 4. b3 Be7 5. Bg2 O-O 6. Bb2 Nbd7 7. O-O c5 8. cxd5
exd5 9. d4 b6 10. Nc3 Bb7 11. Ne5 cxd4 12. Qxd4 Bc5 13. Qf4 Nxe5 14. Qxe5 Re8
15. Qg5 h6 16. Qd2 Ne4 17. Nxe4 dxe4 18. Qc3 Bf8 19. Rfd1 Qe7 20. Rd4 Rac8 21.
Qd2 e3 22. fxe3 Bxg2 23. Kxg2 Qxe3 24. Qxe3 1/2-1/2

[Event "CEDIS Festival saha - 3. turnir"]
[Site "?"]
[Date "2022.06.03"]
[Round "1.3"]
[White "Djukic, Katarina"]
[Black "Djukanovic, Sreten"]
[Result "0-1"]
[WhiteElo "1551"]
[BlackElo "2150"]
[PlyCount "44"]
[SourceVersionDate "2022.06.04"]

1. e4 c5 2. Nf3 d6 3. d4 cxd4 4. Nxd4 Nf6 5. Nc3 a6 6. Be2 e5 7. Nf3 b5 8. a3
Bb7 9. Qd3 Nbd7 10. b4 Rc8 11. Nd2 Be7 12. O-O O-O 13. Bb2 Nb6 14. Qe3 d5 15.
exd5 Nfxd5 16. Nxd5 Nxd5 17. Qg3 Nf4 18. Qe3 Rxc2 19. Bc1 Bxg2 20. Re1 Bg5 21.
Qxe5 Re8 22. Qf5 Qa8 0-1

[Event "CEDIS Festival saha - 3. turnir"]
[Site "?"]
[Date "2022.06.03"]
[Round "1.4"]
[White "Abramovic, Dragoljub"]
[Black "Milovic, Ilija"]
[Result "1-0"]
[WhiteElo "2067"]
[BlackElo "1291"]
[PlyCount "61"]
[SourceVersionDate "2022.06.04"]

1. d4 d5 2. Nf3 Nf6 3. Bf4 e6 4. e3 b6 5. Nbd2 Bb7 6. Bd3 Nbd7 7. O-O Be7 8.
Qe2 c5 9. c3 h6 10. h3 Ne4 11. Bh2 Rc8 12. Rad1 Ndf6 13. Nxe4 Nxe4 14. Bb5+ Kf8
15. Ne5 Nf6 16. f4 a6 17. Bxa6 Bxa6 18. Qxa6 Ra8 19. Qb5 Ra5 20. Qc6 Rxa2 21.
Ra1 Ra5 22. Rxa5 bxa5 23. dxc5 g6 24. b4 Ne4 25. Ra1 Nxc3 26. Rxa5 Kg7 27. Ra7
Re8 28. Bg3 Qb8 29. Kh2 Ne4 30. Rb7 Qa8 31. Rxe7 1-0

[Event "CEDIS Festival saha - 3. turnir"]
[Site "?"]
[Date "2022.06.03"]
[Round "1.5"]
[White "Milovic, Sofija"]
[Black "Vesovic, Nebojsa"]
[Result "0-1"]
[WhiteElo "1248"]
[BlackElo "1864"]
[PlyCount "120"]
[SourceVersionDate "2022.06.04"]

1. e4 c5 2. Be2 e6 3. f4 Nc6 4. Nf3 Nf6 5. d3 Be7 6. c3 Qb6 7. O-O h5 8. Qe1
c4+ 9. Kh1 cxd3 10. Bxd3 a6 11. b3 Qc7 12. Be3 b6 13. Qg3 g6 14. e5 Ng4 15. Bg1
Bb7 16. h3 Nh6 17. Nbd2 O-O-O 18. Ne4 Nf5 19. Qf2 d5 20. exd6 Bxd6 21. Nxd6+
Rxd6 22. Bxf5 gxf5 23. Qxb6 Qxb6 24. Bxb6 Rd3 25. c4 Ne7 26. Ne5 Rxh3+ 27. Kg1
Rg3 28. Nf3 Rhg8 29. Rad1 Bxf3 30. Rxf3 Rxf3 31. Rd8+ Rxd8 32. Bxd8 Kxd8 33.
gxf3 Ng6 34. a4 Nxf4 35. b4 Kc7 36. b5 axb5 37. cxb5 Kb6 38. Kf2 h4 39. Kf1 e5
40. Kf2 Nd3+ 41. Kg2 f4 42. Kh3 Ne1 43. Kxh4 Nxf3+ 44. Kg4 Nd4 45. Kh3 f5 46.
Kg2 e4 47. Kf2 e3+ 48. Ke1 f3 49. a5+ Kxa5 50. b6 Kxb6 51. Kf1 Kc5 52. Ke1 Kc4
53. Kf1 Nc2 54. Kg1 Kd3 55. Kf1 e2+ 56. Kf2 e1=Q+ 57. Kxf3 Qf1+ 58. Kg3 Ke4 59.
Kh2 Ne3 60. Kg3 Qg2+ 0-1

[Event "CEDIS Festival saha - 3. turnir"]
[Site "?"]
[Date "2022.06.03"]
[Round "1.6"]
[White "Perazic, Dragutin"]
[Black "Zizic, Djordje"]
[Result "1/2-1/2"]
[WhiteElo "1697"]
[BlackElo "1157"]
[PlyCount "37"]
[SourceVersionDate "2022.06.04"]

1. d4 d5 2. Bf4 Nf6 3. Nf3 e6 4. e3 c5 5. c3 Be7 6. Bd3 O-O 7. Nbd2 b6 8. O-O
Ba6 9. Qe2 Bxd3 10. Qxd3 Nc6 11. a3 Nh5 12. Bg3 Nxg3 13. hxg3 Bd6 14. e4 Bc7
15. e5 c4 16. Qe2 Ne7 17. Rfe1 Nf5 18. Nf1 Ne7 19. N1h2 1/2-1/2

[Event "CEDIS Festival saha - 3. turnir"]
[Site "?"]
[Date "2022.06.04"]
[Round "2.1"]
[White "Draganic, Veljko"]
[Black "Vesovic, Nebojsa"]
[Result "1-0"]
[WhiteElo "2261"]
[BlackElo "1864"]
[PlyCount "103"]
[SourceVersionDate "2022.06.05"]

1. e4 c5 2. Nf3 d6 3. d4 cxd4 4. Nxd4 Nf6 5. Nc3 a6 6. f4 g6 7. Be2 Bg7 8. O-O
O-O 9. Kh1 Qc7 10. Bf3 Nbd7 11. a4 Nc5 12. a5 Ne6 13. Be3 Nxd4 14. Bxd4 e5 15.
Be3 Bd7 16. Qd2 Bc6 17. Bb6 Qe7 18. Rad1 exf4 19. Qxf4 Ne8 20. Bd4 Be5 21. Bxe5
dxe5 22. Qd2 f6 23. Bg4 Nc7 24. Nd5 Bxd5 25. exd5 Qd6 26. c4 f5 27. Be2 Kh8 28.
b4 Rad8 29. c5 Qxd5 30. Qg5 Ne6 31. Rxd5 Nxg5 32. Rxe5 Rfe8 33. Rxe8+ Rxe8 34.
c6 bxc6 35. Bxa6 Rb8 36. Rb1 Ne4 37. h3 Kg7 38. Kh2 Kf6 39. b5 cxb5 40. Rxb5
Ra8 41. Bb7 Ra7 42. a6 Nd6 43. Rb6 Ke5 44. Kg3 g5 45. Kf3 h5 46. Ke2 h4 47. Kf3
Ke6 48. Rb4 Kd7 49. Ke3 Ne8 50. Kd4 g4 51. hxg4 fxg4 52. Kc5 1-0

[Event "CEDIS Festival saha - 3. turnir"]
[Site "?"]
[Date "2022.06.04"]
[Round "2.3"]
[White "Soc, Bogdan"]
[Black "Abramovic, Dragoljub"]
[Result "0-1"]
[WhiteElo "1646"]
[BlackElo "2067"]
[PlyCount "152"]
[SourceVersionDate "2022.06.05"]

1. d4 Nf6 2. c4 e6 3. Nc3 Bb4 4. Qc2 Qe7 5. e4 Bxc3+ 6. bxc3 e5 7. Bd3 exd4 8.
cxd4 Nxe4 9. Ne2 Nf6 10. O-O Nc6 11. a3 O-O 12. Bg5 h6 13. Bh4 d6 14. Nc3 Nxd4
15. Qb2 g5 16. Nd5 Nxd5 17. Qxd4 Nf6 18. Rae1 Be6 19. Bg3 c5 20. Bxd6 Rfd8 21.
Bxc5 Rxd4 22. Bxe7 Rxd3 23. Bxf6 Bxc4 24. Re4 b5 25. Ra1 Rc8 26. h4 Kh7 27.
hxg5 Kg6 28. Bd4 Bd5 29. Rg4 Be6 30. Rf4 Rc4 31. Be3 Rxf4 32. Bxf4 hxg5 33. Be3
a6 34. Bc5 Bd5 35. Bb4 Rd4 36. Kf1 Rh4 37. Kg1 Rg4 38. g3 Rd4 39. Kf1 Bf3 40.
Ke1 g4 41. Bd2 Ra4 42. Bc3 Re4+ 43. Kf1 Be2+ 44. Kg1 Rc4 45. Bb4 Rc8 46. f3
Bxf3 47. Kf2 Kf5 48. Ke3 Rc2 49. Kd4 Rc4+ 50. Ke3 f6 51. Ra2 Ke6 52. Rd2 Bd5
53. Rh2 Re4+ 54. Kd2 Rd4+ 55. Ke3 Rd1 56. Kf4 Bf3 57. Rd2 Rxd2 58. Bxd2 Kd5 59.
Kf5 Kc4 60. Kxf6 Kb3 61. Bb4 a5 62. Bxa5 Kxa3 63. Kf5 b4 64. Bxb4+ Kxb4 65. Kf4
Kc3 66. Ke3 Kc2 67. Kf2 Kd2 68. Kf1 Ke3 69. Kg1 Bc6 70. Kh2 Be8 71. Kg1 Kf3 72.
Kh2 Kf2 73. Kh1 Kxg3 74. Kg1 Kh3 75. Kh1 g3 76. Kg1 g2 0-1

[Event "CEDIS Festival saha - 3. turnir"]
[Site "?"]
[Date "2022.06.04"]
[Round "2.5"]
[White "Zizic, Djordje"]
[Black "Dedic, Slavko"]
[Result "0-1"]
[WhiteElo "1157"]
[BlackElo "1828"]
[PlyCount "88"]
[SourceVersionDate "2022.06.05"]

1. e4 e5 2. Nf3 Nf6 3. Nxe5 d6 4. Nf3 Nxe4 5. Qe2 Qe7 6. Nc3 Nxc3 7. dxc3 Bg4
8. Qxe7+ Bxe7 9. Be2 O-O 10. h3 Bh5 11. O-O Nc6 12. Re1 Rfe8 13. Nd4 Nxd4 14.
cxd4 Bf6 15. g4 Bg6 16. c3 h6 17. Bf4 Re4 18. Be3 Re7 19. Bf1 Rae8 20. Bd2 Bg5
21. Rxe7 Bxe7 22. Re1 Kf8 23. Bg2 c6 24. Bf4 d5 25. Be5 f6 26. Bg3 h5 27. Bf3
hxg4 28. hxg4 a5 29. Bc7 Ra8 30. Kg2 Kf7 31. Bb6 a4 32. Be2 Bd6 33. c4 Bb4 34.
Rc1 Re8 35. Bd1 Bd2 36. Ra1 Re1 37. cxd5 cxd5 38. f3 Bc2 39. Bxc2 Rxa1 40. Bxa4
Rxa2 41. Bb3 Rxb2 42. Bxd5+ Kg6 43. Be4+ Kg5 44. Kf1 Rxb6 0-1

[Event "CEDIS Festival saha - 3. turnir"]
[Site "?"]
[Date "2022.06.04"]
[Round "2.6"]
[White "Samardzic, Slavisa"]
[Black "Perazic, Dragutin"]
[Result "1/2-1/2"]
[WhiteElo "1599"]
[BlackElo "1697"]
[PlyCount "52"]
[SourceVersionDate "2022.06.05"]

1. e4 c5 2. Nf3 d6 3. d4 cxd4 4. Nxd4 Nf6 5. f3 e6 6. c4 Be7 7. Nc3 O-O 8. Be2
a6 9. Be3 Bd7 10. Rc1 Nc6 11. Qd2 Rc8 12. b3 Nxd4 13. Bxd4 Bc6 14. Be3 Qd7 15.
O-O Rfd8 16. Rfd1 Ne8 17. f4 Bf8 18. Bf3 Qc7 19. Nd5 Bxd5 20. cxd5 Qd7 21. dxe6
fxe6 22. Bb6 Rxc1 23. Rxc1 Rc8 24. Be3 Rxc1+ 25. Qxc1 e5 26. Qc4+ Qf7 1/2-1/2

[Event "CEDIS Festival saha - 3. turnir"]
[Site "?"]
[Date "2022.06.04"]
[Round "2.7"]
[White "Milovic, Ilija"]
[Black "Doderovic, Aleksa"]
[Result "1/2-1/2"]
[WhiteElo "1248"]
[BlackElo "1638"]
[PlyCount "99"]
[SourceVersionDate "2022.06.05"]

1. d4 g6 2. Nf3 Nf6 3. c4 Bg7 4. Nc3 O-O 5. e3 d6 6. Be2 Nbd7 7. O-O Re8 8. Qc2
e5 9. Rd1 exd4 10. exd4 b6 11. h3 Bb7 12. d5 a5 13. Be3 Nc5 14. Nd2 Bc8 15.
Bxc5 Bf5 16. Bd3 Bxd3 17. Qxd3 bxc5 18. b3 Nh5 19. g3 Qd7 20. Kg2 a4 21. Re1
axb3 22. axb3 Rxa1 23. Rxa1 Bxc3 24. Qxc3 c6 25. Qf3 cxd5 26. Qxd5 Nf6 27. Qd3
Qc6+ 28. Qf3 Qxf3+ 29. Kxf3 Kf8 30. Ra7 Re7 31. Rxe7 Kxe7 32. Kf4 h6 33. g4 Ke6
34. h4 d5 35. f3 d4 36. g5 Nh5+ 37. Kg4 f5+ 38. gxf6 Nxf6+ 39. Kf4 Kd6 40. Nf1
Nh5+ 41. Ke4 Ke6 42. b4 Nf6+ 43. Kd3 Kd6 44. b5 Nd7 45. Nd2 Ke5 46. Ke2 Kf4 47.
Kf2 Nb6 48. Nb3 Na4 49. Nd2 Nb6 50. Nb3 1/2-1/2

[Event "CEDIS Festival saha - 3. turnir"]
[Site "?"]
[Date "2022.06.04"]
[Round "2.8"]
[White "Milovic, Sofija"]
[Black "Lakusic, Zoran"]
[Result "1/2-1/2"]
[WhiteElo "1248"]
[BlackElo "1638"]
[PlyCount "37"]
[SourceVersionDate "2022.06.05"]

1. e4 d6 2. d4 Nf6 3. Bd3 e5 4. c3 Be7 5. Nf3 Bg4 6. Nbd2 Bxf3 7. Nxf3 exd4 8.
cxd4 h6 9. Qc2 Nbd7 10. Be3 Ng4 11. Bf4 c5 12. d5 b5 13. Bxb5 Qa5+ 14. Qc3 Qxb5
15. Qxg7 Qb4+ 16. Bd2 Qxe4+ 17. Kf1 Qc4+ 18. Kg1 Bf6 19. Re1+ 1/2-1/2

[Event "CEDIS Festival saha - 3. turnir"]
[Site "?"]
[Date "2022.06.04"]
[Round "3.1"]
[White "Djukanovic, Sreten"]
[Black "Draganic, Veljko"]
[Result "1/2-1/2"]
[WhiteElo "2150"]
[BlackElo "2261"]
[PlyCount "33"]
[SourceVersionDate "2022.06.05"]

1. d4 d5 2. c4 c6 3. e3 Nf6 4. Nc3 e6 5. Nf3 Nbd7 6. Bd3 dxc4 7. Bxc4 b5 8. Bd3
Bd6 9. O-O O-O 10. Qc2 Bb7 11. Ng5 h6 12. Nge4 Be7 13. Nxf6+ Nxf6 14. Ne4 Nxe4
15. Bxe4 Rb8 16. a4 b4 17. b3 1/2-1/2

[Event "CEDIS Festival saha - 3. turnir"]
[Site "?"]
[Date "2022.06.04"]
[Round "3.2"]
[White "Dedic, Slavko"]
[Black "Scekic, Veljko"]
[Result "1/2-1/2"]
[WhiteElo "1828"]
[BlackElo "2188"]
[PlyCount "84"]
[SourceVersionDate "2022.06.05"]

1. e4 e5 2. Nf3 Nc6 3. Bb5 a6 4. Ba4 Nf6 5. d3 b5 6. Bb3 Be7 7. O-O d6 8. h3
O-O 9. a3 Na5 10. Ba2 c5 11. Bd2 Bb7 12. Qe1 Nc6 13. Nc3 Rc8 14. Nd5 Nxd5 15.
Bxd5 Qd7 16. Ba2 Kh8 17. Ng5 Bxg5 18. Bxg5 Nd4 19. Qd2 f6 20. Be3 f5 21. Bxd4
cxd4 22. f3 Rf6 23. Kh2 f4 24. c3 dxc3 25. bxc3 d5 26. exd5 Bxd5 27. Rfe1 Bxa2
28. Rxa2 Qd5 29. d4 exd4 30. cxd4 h6 31. Re4 Rd8 32. Rc2 Qg5 33. Qe1 Rfd6 34.
Rc5 Qg3+ 35. Qxg3 fxg3+ 36. Kxg3 Rxd4 37. Re6 R8d6 38. Rxd6 Rxd6 39. Rc3 Rd4
40. f4 Rd6 41. Kf3 Kg8 42. Ke4 a5 1/2-1/2

[Event "CEDIS Festival saha - 3. turnir"]
[Site "?"]
[Date "2022.06.04"]
[Round "3.3"]
[White "Vesovic, Nebojsa"]
[Black "Soc, Bogdan"]
[Result "1/2-1/2"]
[WhiteElo "1864"]
[BlackElo "1646"]
[PlyCount "117"]
[SourceVersionDate "2022.06.05"]

1. Nf3 c5 2. g3 Nc6 3. Bg2 Nf6 4. e3 d5 5. d4 cxd4 6. exd4 Bg4 7. h3 Bh5 8. O-O
e6 9. c3 Bd6 10. Nbd2 O-O 11. Re1 Rc8 12. Qb3 Na5 13. Qb5 a6 14. Qf1 b5 15. g4
Bg6 16. Ne5 Bc2 17. f4 b4 18. g5 Nh5 19. Qf3 g6 20. Nf1 Be4 21. Qe3 Bf5 22. Ng3
Nxg3 23. Qxg3 bxc3 24. bxc3 f6 25. Ng4 fxg5 26. Nh6+ Kg7 27. Nxf5+ Rxf5 28.
Rxe6 gxf4 29. Qf3 Nc4 30. Rb1 Qd7 31. Re1 Ne3 32. Bxe3 Rxc3 33. Qf1 fxe3 34.
Qxa6 Bc7 35. Rb3 Rc6 36. Qa3 e2 37. Rxe2 Qd6 38. Qxd6 Rc1+ 39. Bf1 Rfxf1+ 40.
Kg2 Bxd6 41. Re6 Rg1+ 42. Kf2 Rcf1+ 43. Ke2 Re1+ 44. Kf2 Bg3+ 45. Rxg3 Rxg3 46.
Rxe1 Rxh3 47. Re7+ Kf6 48. Re5 Rh2+ 49. Kf3 Rxa2 50. Rxd5 Ke6 51. Rd8 Ra5 52.
Ke4 h5 53. d5+ Ke7 54. Rb8 Ra7 55. Ke5 Kd7 56. Rg8 Ra6 57. Rg7+ Ke8 58. d6 Ra2
59. Rxg6 1/2-1/2

[Event "CEDIS Festival saha - 3. turnir"]
[Site "?"]
[Date "2022.06.04"]
[Round "3.5"]
[White "Doderovic, Aleksa"]
[Black "Samardzic, Slavisa"]
[Result "1/2-1/2"]
[WhiteElo "1638"]
[BlackElo "1599"]
[PlyCount "85"]
[SourceVersionDate "2022.06.05"]

1. d4 d5 2. c4 e6 3. Nc3 Nf6 4. Bg5 Nbd7 5. e3 Be7 6. Nf3 O-O 7. Qc2 h6 8. Bh4
a6 9. Bd3 dxc4 10. Bxc4 b5 11. Bd3 Bb7 12. Ne4 Nxe4 13. Bxe7 Qxe7 14. Bxe4 Bxe4
15. Qxe4 Qb4+ 16. Ke2 Qxb2+ 17. Nd2 Qa3 18. g4 Qd6 19. g5 hxg5 20. Qg2 Qd5 21.
f3 c5 22. h4 g4 23. Qxg4 Qf5 24. Qxf5 exf5 25. dxc5 Nxc5 26. Rac1 Rac8 27. h5
Na4 28. Nb1 b4 29. Rhd1 Nc3+ 30. Nxc3 Rxc3 31. Rxc3 bxc3 32. Rc1 Rc8 33. Kd3
Rd8+ 34. Kc4 Rc8+ 35. Kd3 Rd8+ 36. Kc4 Rd2 37. Rxc3 Rxa2 38. Kd4 Ra5 39. f4 Kh7
40. Rc6 f6 41. Rc7 Ra4+ 42. Kd3 a5 43. Rc5 1/2-1/2

[Event "CEDIS Festival saha - 3. turnir"]
[Site "?"]
[Date "2022.06.04"]
[Round "3.6"]
[White "Lakusic, Zoran"]
[Black "Zizic, Djordje"]
[Result "1/2-1/2"]
[WhiteElo "1638"]
[BlackElo "1157"]
[PlyCount "70"]
[SourceVersionDate "2022.06.05"]

1. c4 Nf6 2. Nf3 c5 3. g3 e6 4. Bg2 d5 5. d4 dxc4 6. Qa4+ Bd7 7. Qxc4 Qa5+ 8.
Bd2 Qb6 9. Nc3 Bc6 10. b3 cxd4 11. Na4 Qd8 12. Nb2 Ba3 13. Nd3 Qb6 14. O-O Na6
15. Qxd4 Qxd4 16. Nxd4 Bxg2 17. Kxg2 Rd8 18. Nb5 Bb2 19. Nxb2 Rxd2 20. Nc4 Rxe2
21. Ncd6+ Ke7 22. Nc4 Ra8 23. Kf3 Rc2 24. Rfc1 Rxc1 25. Rxc1 Nc5 26. Ne5 Ncd7
27. Nd3 a6 28. Nd4 Kd8 29. g4 Rc8 30. Rxc8+ Kxc8 31. g5 Nh5 32. Kg4 g6 33. f4
Ng7 34. Nf3 Kd8 35. b4 Nf5 1/2-1/2

[Event "CEDIS Festival saha - 3. turnir"]
[Site "?"]
[Date "2022.06.04"]
[Round "3.7"]
[White "Djukic, Katarina"]
[Black "Milovic, Sofija"]
[Result "1-0"]
[WhiteElo "1551"]
[BlackElo "1248"]
[PlyCount "101"]
[SourceVersionDate "2022.06.05"]

1. e4 d5 2. exd5 Qxd5 3. Nc3 Qd8 4. d4 Nf6 5. Bg5 e6 6. Nf3 Be7 7. Bd3 h6 8.
Bh4 b6 9. Bxf6 Bxf6 10. Be4 c6 11. Ne5 Bxe5 12. dxe5 O-O 13. Qxd8 Rxd8 14. O-O
Bb7 15. Nb5 Ba6 16. Nc7 Bxf1 17. Kxf1 Nd7 18. Nxa8 Rxa8 19. Bxc6 Rd8 20. Rd1
Kf8 21. Rxd7 Rc8 22. Ba4 Rc5 23. Rxa7 Rxe5 24. Rb7 Ra5 25. Bb3 b5 26. Ke2 g5
27. Kf3 Kg7 28. Bxe6 Kf6 29. Bxf7 b4 30. Bb3 Rf5+ 31. Kg3 h5 32. Rf7+ Ke5 33.
Rxf5+ Kxf5 34. f3 h4+ 35. Kf2 Ke5 36. Ke3 Kf5 37. g4+ hxg3 38. hxg3 Ke5 39. f4+
gxf4+ 40. gxf4+ Kf5 41. a4 bxa3 42. bxa3 Kf6 43. a4 Kf5 44. a5 Kf6 45. a6 Kf5
46. a7 Kf6 47. a8=Q Kf5 48. Qe4+ Kf6 49. Qe6+ Kg7 50. f5 Kh8 51. Qg8# 1-0

[Event "CEDIS Festival saha - 3. turnir"]
[Site "?"]
[Date "2022.06.05"]
[Round "4.1"]
[White "Abramovic, Dragoljub"]
[Black "Djukanovic, Sreten"]
[Result "1/2-1/2"]
[WhiteElo "2067"]
[BlackElo "2150"]
[PlyCount "20"]
[SourceVersionDate "2022.06.06"]

1. d4 Nf6 2. Nf3 d5 3. Bf4 Bf5 4. c3 e6 5. e3 Bd6 6. Bxd6 cxd6 7. Bd3 Bxd3 8.
Qxd3 Nc6 9. Nbd2 Rc8 10. O-O O-O 1/2-1/2

[Event "CEDIS Festival saha - 3. turnir"]
[Site "?"]
[Date "2022.06.05"]
[Round "4.2"]
[White "Draganic, Veljko"]
[Black "Dedic, Slavko"]
[Result "1-0"]
[WhiteElo "2261"]
[BlackElo "1828"]
[PlyCount "69"]
[SourceVersionDate "2022.06.06"]

1. e4 e5 2. Nf3 Nc6 3. d4 exd4 4. Nxd4 Nxd4 5. Qxd4 d6 6. Nc3 Nf6 7. Bg5 Be7 8.
O-O-O O-O 9. f3 a6 10. Bd3 Be6 11. e5 dxe5 12. Qh4 h6 13. Bh7+ Nxh7 14. Bxe7 g5
15. Qb4 Qc8 16. Bxf8 Nxf8 17. h4 g4 18. Ne4 Kg7 19. Qc5 Nd7 20. Rxd7 Qxd7 21.
Qxe5+ f6 22. Qxf6+ Kg8 23. Qg6+ Kf8 24. Qxh6+ Ke7 25. Qf6+ Ke8 26. Nc5 Qf7 27.
Qxe6+ Qxe6 28. Nxe6 Kd7 29. Nc5+ Kc6 30. Nd3 g3 31. h5 Re8 32. h6 Kd5 33. h7
Rh8 34. Kd2 c5 35. Nf4+ 1-0

[Event "CEDIS Festival saha - 3. turnir"]
[Site "?"]
[Date "2022.06.05"]
[Round "4.3"]
[White "Scekic, Veljko"]
[Black "Vesovic, Nebojsa"]
[Result "1-0"]
[WhiteElo "2188"]
[BlackElo "1864"]
[PlyCount "61"]
[SourceVersionDate "2022.06.06"]

1. Nf3 d5 2. c4 Nf6 3. cxd5 Nxd5 4. e4 Nf6 5. Nc3 c6 6. d4 Bg4 7. Qb3 Qb6 8.
Qxb6 axb6 9. Ne5 Bc8 10. Bc4 e6 11. f3 b5 12. Bb3 Nbd7 13. Nd3 Nb6 14. Be3 Nc4
15. Bxc4 bxc4 16. Ne5 b5 17. Nxc6 Ba6 18. a3 Kd7 19. Ne5+ Ke8 20. Kf2 Rc8 21.
h3 Bd6 22. Ng4 Nxg4+ 23. hxg4 f6 24. g5 Kf7 25. gxf6 gxf6 26. Rh5 Rb8 27. Rah1
Kg7 28. e5 Be7 29. exf6+ Bxf6 30. Ne4 Be7 31. Bf4 1-0

[Event "CEDIS Festival saha - 3. turnir"]
[Site "?"]
[Date "2022.06.05"]
[Round "4.5"]
[White "Samardzic, Slavisa"]
[Black "Milovic, Ilija"]
[Result "1/2-1/2"]
[WhiteElo "1599"]
[BlackElo "1291"]
[PlyCount "63"]
[SourceVersionDate "2022.06.06"]

1. e4 e6 2. d4 d5 3. e5 c5 4. c3 Qb6 5. Nf3 Nc6 6. Be2 cxd4 7. cxd4 Nge7 8. Na3
a6 9. Nc2 Nf5 10. O-O g6 11. b3 Bg7 12. Bb2 O-O 13. Bd3 Nb4 14. Bxf5 exf5 15.
Ba3 Nxc2 16. Qxc2 Re8 17. Rac1 Bf8 18. Bxf8 Rxf8 19. Qc5 Qd8 20. Qc7 b5 21. Rc5
h6 22. Rfc1 Be6 23. b4 Qxc7 24. Rxc7 a5 25. bxa5 Rxa5 26. R7c5 Rb8 27. R1c2 Ra4
28. h4 b4 29. Rb2 Kg7 30. Nd2 Rba8 31. Rcc2 Bd7 32. Nb3 1/2-1/2

[Event "CEDIS Festival saha - 3. turnir"]
[Site "?"]
[Date "2022.06.05"]
[Round "4.7"]
[White "Soc, Bogdan"]
[Black "Lakusic, Zoran"]
[Result "1/2-1/2"]
[WhiteElo "1646"]
[BlackElo "1638"]
[PlyCount "62"]
[SourceVersionDate "2022.06.06"]

1. d4 Nf6 2. c4 e6 3. Nc3 d5 4. cxd5 Nxd5 5. e4 Nxc3 6. bxc3 Be7 7. Nf3 O-O 8.
Bd3 b6 9. O-O a5 10. Bc2 Ba6 11. Re1 Re8 12. Ne5 f6 13. Nd3 Bxd3 14. Bxd3 c6
15. Qb3 Bf8 16. Bc4 a4 17. Qd1 b5 18. Bd3 Qa5 19. Bd2 Nd7 20. Re3 g6 21. f4 f5
22. exf5 exf5 23. Qe2 Nf6 24. Re1 Rxe3 25. Qxe3 Re8 26. Qf3 Rxe1+ 27. Bxe1 Qb6
28. Qe2 Qc7 29. Qe6+ Kg7 30. Bd2 Bd6 31. g3 Qe7 1/2-1/2

[Event "CEDIS Festival saha - 3. turnir"]
[Site "?"]
[Date "2022.06.05"]
[Round "4.8"]
[White "Zizic, Djordje"]
[Black "Doderovic, Aleksa"]
[Result "1/2-1/2"]
[WhiteElo "1157"]
[BlackElo "1638"]
[PlyCount "73"]
[SourceVersionDate "2022.06.06"]

1. e4 d6 2. d4 Nf6 3. Nc3 g6 4. Nf3 Bg7 5. Bf4 c6 6. Qd2 Nbd7 7. O-O-O Qa5 8.
a3 b5 9. Nb1 Qb6 10. Nc3 b4 11. Na4 Qc7 12. Qxb4 Nxe4 13. Qe1 Ndf6 14. Bd3 Bf5
15. h3 h5 16. Nh4 Nd5 17. Nxf5 gxf5 18. Bxe4 Nxf4 19. Bf3 e6 20. g3 Nd5 21. Qe2
Qa5 22. Bxh5 Ke7 23. b3 Nc3 24. Nxc3 Qxc3 25. Kb1 Bxd4 26. Rxd4 Qxd4 27. Re1
Qd5 28. Bf3 Qb5 29. Qxb5 cxb5 30. Bxa8 Rxa8 31. h4 Rh8 32. Re3 f4 33. Re4 fxg3
34. fxg3 d5 35. Rb4 a6 36. a4 bxa4 37. Rxa4 1/2-1/2

[Event "CEDIS Festival saha - 3. turnir"]
[Site "?"]
[Date "2022.06.05"]
[Round "5.1"]
[White "Draganic, Veljko"]
[Black "Abramovic, Dragoljub"]
[Result "1-0"]
[WhiteElo "2261"]
[BlackElo "2067"]
[PlyCount "47"]
[SourceVersionDate "2022.06.06"]

1. c4 c6 2. e4 d5 3. exd5 cxd5 4. d4 Nc6 5. Nc3 Nf6 6. Nf3 Bg4 7. cxd5 Nxd5 8.
Qb3 Nb6 9. d5 Bxf3 10. gxf3 Ne5 11. Be2 Rc8 12. Be3 g6 13. Bb5+ Ned7 14. Bd4 f6
15. d6 Bg7 16. Qe6 Kf8 17. O-O-O exd6 18. Bxb6 Nxb6 19. Rxd6 Qc7 20. Rhd1 a6
21. Bd7 f5 22. Bxc8 Bxc3 23. Rd8+ Kg7 24. R8d7+ 1-0

[Event "CEDIS Festival saha - 3. turnir"]
[Site "?"]
[Date "2022.06.05"]
[Round "5.3"]
[White "Perazic, Dragutin"]
[Black "Soc, Bogdan"]
[Result "1/2-1/2"]
[WhiteElo "1697"]
[BlackElo "1646"]
[PlyCount "113"]
[SourceVersionDate "2022.06.06"]

1. d4 d5 2. Bf4 c5 3. c3 Nc6 4. Nf3 cxd4 5. cxd4 Nf6 6. e3 e6 7. Bd3 Bd6 8.
Bxd6 Qxd6 9. O-O O-O 10. Nc3 Bd7 11. a3 a6 12. b4 b5 13. Qd2 Rfc8 14. Rfc1 Rc7
15. Ne2 Rac8 16. Rc2 Be8 17. Rac1 Nd7 18. Rc3 Nb6 19. Bb1 f6 20. Bc2 Bh5 21.
Bb3 Bxf3 22. gxf3 Nc4 23. Bxc4 bxc4 24. R3c2 Na7 25. Nc3 Nb5 26. Nxb5 axb5 27.
Qc3 Ra8 28. Ra1 Rca7 29. Rca2 Qa6 30. f4 Qa4 31. Rb2 Qa6 32. Rba2 Qb7 33. f3
Qf7 34. Rg2 Qh5 35. Rf2 Qg6+ 36. Rg2 Qd3 37. Qxd3 cxd3 38. Rga2 d2 39. Rxd2
Rxa3 40. Rxa3 Rxa3 41. Kf2 Rb3 42. Rc2 Rxb4 43. Rc7 Kf8 44. Rc8+ Kf7 45. Rc7+
Kg6 46. Re7 Rb2+ 47. Kf1 Rxh2 48. Rxe6 b4 49. Rb6 Rb2 50. Rb5 h5 51. Rxd5 h4
52. Rb5 h3 53. Kg1 Rb3 54. Kh2 Rxe3 55. Kxh3 Rxf3+ 56. Kg4 Rd3 57. f5+ 1/2-1/2

[Event "CEDIS Festival saha - 3. turnir"]
[Site "?"]
[Date "2022.06.05"]
[Round "5.4"]
[White "Dedic, Slavko"]
[Black "Milovic, Ilija"]
[Result "1-0"]
[WhiteElo "1828"]
[BlackElo "1291"]
[PlyCount "71"]
[SourceVersionDate "2022.06.06"]

1. e4 e6 2. d4 d5 3. e5 c5 4. c3 Qb6 5. Nf3 Nc6 6. Bd3 Bd7 7. dxc5 Bxc5 8. O-O
Qc7 9. b4 Bb6 10. Re1 Nge7 11. a4 a6 12. Ba3 Ng6 13. Bxg6 hxg6 14. Nbd2 Qb8 15.
Qe2 Bc7 16. g4 f6 17. exf6 Bxh2+ 18. Kg2 Qf4 19. Rh1 Qxg4+ 20. Kf1 Qh3+ 21. Ke1
Qg2 22. Qf1 Qxf1+ 23. Nxf1 gxf6 24. Rxh2 Kf7 25. Rd1 b5 26. a5 Rxh2 27. N1xh2
Ne7 28. Kd2 e5 29. Re1 g5 30. Rg1 Bf5 31. Ng4 Rh8 32. Ke2 Ng6 33. Bc1 Rh3 34.
Be3 Ke6 35. Ngxe5 Nxe5 36. Nd4+ 1-0

[Event "CEDIS Festival saha - 3. turnir"]
[Site "?"]
[Date "2022.06.05"]
[Round "5.5"]
[White "Djukic, Katarina"]
[Black "Samardzic, Slavisa"]
[Result "1/2-1/2"]
[WhiteElo "1551"]
[BlackElo "1599"]
[PlyCount "39"]
[SourceVersionDate "2022.06.06"]

1. e4 e5 2. Nf3 Nc6 3. Bb5 a6 4. Ba4 Nf6 5. d3 b5 6. Bb3 Be7 7. O-O d6 8. c3
O-O 9. d4 Bg4 10. d5 Na5 11. Bc2 c5 12. b3 Rc8 13. Nbd2 Qc7 14. h3 Bh5 15. Re1
h6 16. Nf1 Rfe8 17. Ng3 Bg6 18. Nh4 Bh7 19. Nhf5 Bxf5 20. Nxf5 1/2-1/2

[Event "CEDIS Festival saha - 3. turnir"]
[Site "?"]
[Date "2022.06.05"]
[Round "5.6"]
[White "Vesovic, Nebojsa"]
[Black "Zizic, Djordje"]
[Result "1/2-1/2"]
[WhiteElo "1864"]
[BlackElo "1157"]
[PlyCount "57"]
[SourceVersionDate "2022.06.06"]

1. d4 f5 2. Nf3 e6 3. d5 exd5 4. Qxd5 d6 5. e3 Nf6 6. Qb3 Nc6 7. c4 b6 8. a3
Bb7 9. Bd2 Qd7 10. Qc2 O-O-O 11. Nc3 Ne5 12. Nd4 g6 13. f3 Bh6 14. O-O-O c5 15.
Nb3 Nxf3 16. gxf3 Bxf3 17. Be2 Bxh1 18. Rxh1 Qb7 19. Rd1 Qg2 20. e4 Bxd2+ 21.
Nxd2 Nxe4 22. Ndxe4 fxe4 23. Qxe4 Qxe4 24. Nxe4 Kc7 25. Nc3 Rhf8 26. Nb5+ Kb8
27. Nc3 a6 28. h3 Rf2 29. Rd3 1/2-1/2